| 000 | 00852nam a2200277Ia 4500 | ||
|---|---|---|---|
| 003 | GCL | ||
| 008 | 140319s9999 xx 000 0 ara d | ||
| 020 | _a4368201977 | ||
| 040 |
_aGCL / _cGCL |
||
| 082 | 0 | 4 |
_a617.7 _bم ل |
| 100 | 1 | _aمدحت الحناوى | |
| 245 | 1 | 0 |
_aالليزر: ثورة فى طب العيون / _cمدحت الحناوى |
| 250 | _aالاولى | ||
| 260 |
_aالقاهرة : _bالهيئة المصرية العامة للكتاب ، _c1994 |
||
| 300 |
_a108 ص ؛ _c12 سم |
||
| 490 | _a | ||
| 650 | 0 | 4 | _aالطب |
| 650 | 0 | 4 | _aاشعة ليزر |
| 650 | 0 | 4 | _aالعين |
| 650 | 0 | 4 | _aالاشعة |
| 650 | 0 | 4 | _aالمواد المليزرة |
| 650 | 0 | 4 | _aالانفصال الشبكى |
| 650 | 0 | 4 | _aاشعة ليزر فى الطب |
| 650 | 0 | 4 | _aاشعة ليزر فى الجراحة |
| 942 |
_2ddc _cBK |
||
| 999 |
_c35646 _d35646 |
||